|
|
|
|
| LEADER |
00000cam a2200000 c 4500 |
| 001 |
276553020 |
| 003 |
DE-627 |
| 005 |
20260206202823.0 |
| 007 |
tu |
| 008 |
920205s1992 xx ||||| 00| ||ger c |
| 015 |
|
|
|a 92,A28,0657
|2 dnb
|
| 016 |
7 |
|
|a 920034535
|2 DE-101
|
| 020 |
|
|
|a 3891364520
|9 3-89136-452-0
|
| 035 |
|
|
|a (DE-627)276553020
|
| 035 |
|
|
|a (DE-603)019332890
|
| 035 |
|
|
|a (DE-576)027203573
|
| 035 |
|
|
|a (DE-599)GBV276553020
|
| 035 |
|
|
|a (OCoLC)231290315
|
| 035 |
|
|
|a (OCoLC)26857915
|
| 035 |
|
|
|a (DE-Rt5)1964811
|
| 040 |
|
|
|a DE-627
|b ger
|c DE-627
|e rakwb
|
| 041 |
|
|
|a ger
|
| 084 |
|
|
|a 33
|a 64
|2 sdnb
|
| 084 |
|
|
|a XB 3300
|2 rvk
|0 (DE-625)rvk/152453:13129
|
| 084 |
|
|
|a MS 4150
|2 rvk
|0 (DE-625)rvk/123693:
|
| 100 |
1 |
|
|a Bergmann, Anna
|d 1953-
|0 (DE-588)12022819X
|0 (DE-627)080538460
|0 (DE-576)166486280
|4 aut
|
| 109 |
|
|
|a Bergmann, Anna 1953-
|
| 245 |
1 |
4 |
|a Die verhütete Sexualität
|b die Anfänge der modernen Geburtenkontrolle
|c Anna Bergmann
|
| 264 |
|
1 |
|a Hamburg
|b Rasch und Röhring
|c 1992
|
| 300 |
|
|
|a 399 S.
|b Ill.
|
| 336 |
|
|
|a Text
|b txt
|2 rdacontent
|
| 337 |
|
|
|a ohne Hilfsmittel zu benutzen
|b n
|2 rdamedia
|
| 338 |
|
|
|a Band
|b nc
|2 rdacarrier
|
| 500 |
|
|
|a Literaturverz. S. 359 - 396
|
| 520 |
|
|
|a Anna Bergmann: "Die verhütete Sexualität". Die Anfänge der modernen Geburtenkontrolle. Rasch und Röhring Verlag, Hamburg 1992. 400 S., geb., 58,- DM
|
| 648 |
|
7 |
|a Geschichte 1910-1913
|2 gnd
|
| 689 |
0 |
0 |
|d g
|0 (DE-588)4011882-4
|0 (DE-627)104704861
|0 (DE-576)208896155
|a Deutschland
|2 gnd
|
| 689 |
0 |
1 |
|d s
|0 (DE-588)4176978-8
|0 (DE-627)10535211X
|0 (DE-576)209974303
|a Rassenhygiene
|2 gnd
|
| 689 |
0 |
2 |
|d s
|0 (DE-588)4116485-4
|0 (DE-627)105806315
|0 (DE-576)209501987
|a Sexualverhalten
|2 gnd
|
| 689 |
0 |
3 |
|a z
|2 gnd
|a Geschichte 1910-1913
|
| 689 |
0 |
|
|5 DE-101
|
| 856 |
4 |
2 |
|u http://d-nb.info/920034535/04
|m X: GBV
|v 20130501
|x Verlag
|3 Inhaltsverzeichnis
|7 1
|
| 856 |
4 |
2 |
|u http://scans.hebis.de/HEBCGI/show.pl?01933289_toc.pdf
|m V:DE-605
|q application/pdf
|3 Inhaltsverzeichnis
|7 1
|
| 935 |
|
|
|i Blocktest
|
| 935 |
|
|
|h HEB
|i 0501
|
| 935 |
|
|
|h HEB
|i 0503
|
| 936 |
r |
v |
|a XB 3300
|b Allgemeines
|k Medizin
|k Geschichte der Medizin
|k Epochen und Kulturkreise
|k 19. und 20. Jahrhundert
|k 19. und 20. Jahrhundert
|k Allgemeines
|0 (DE-627)1270876732
|0 (DE-625)rvk/152453:13129
|0 (DE-576)200876732
|
| 936 |
r |
v |
|a MS 4150
|b Geburtenregelung, Familienplanung
|k Soziologie
|k Spezielle Soziologien
|k Soziologie der Demographie
|k Geburtenregelung, Familienplanung
|0 (DE-627)127144108X
|0 (DE-625)rvk/123693:
|0 (DE-576)20144108X
|
| 936 |
s |
n |
|a m200
|2 mzub
|
| 936 |
s |
n |
|a w200
|2 mzub
|
| 936 |
s |
n |
|a n100
|2 mzub
|
| 951 |
|
|
|a BO
|
| ELC |
|
|
|b 1
|
| LOK |
|
|
|0 000 xxxxxcx a22 zn 4500
|
| LOK |
|
|
|0 001 310327260X
|
| LOK |
|
|
|0 003 DE-627
|
| LOK |
|
|
|0 004 276553020
|
| LOK |
|
|
|0 005 20151116140001
|
| LOK |
|
|
|0 008 150728||||||||||||||||ger|||||||
|
| LOK |
|
|
|0 035
|a (DE-21-110)kd6459
|
| LOK |
|
|
|0 040
|a DE-21-110
|c DE-627
|d DE-21-110
|
| LOK |
|
|
|0 689
|a s
|a Geburtenkontrolle
|
| LOK |
|
|
|0 852
|z Kein Bestand am IfK; Nachweis für KrimDok
|
| LOK |
|
|
|0 852
|a DE-21-110
|
| LOK |
|
|
|0 852 1
|9 00
|
| LOK |
|
|
|0 935
|a k110
|
| LOK |
|
|
|0 939
|a 28-07-15
|b l01
|
| ORI |
|
|
|a SA-MARC-krimdoka001.raw
|
| TIM |
|
|
|a 100019100101_100019131231
|b Geschichte 1910-1913
|